Derechos humanos y desarrollo, al centro del debate sobre migración en América Latina y el Caribe

Gardado en:
Detalles Bibliográficos
Formato: Texto
Materias:
Etiquetas: Engadir etiqueta
Sen Etiquetas, Sexa o primeiro en etiquetar este rexistro!

MARC

LEADER 00000 a a2200000 04500
001 10272
003
040
245 |a Derechos humanos y desarrollo, al centro del debate sobre migración en América Latina y el Caribe  
650 |a MIGRACION  
650 |a AMERICA LATINA  
650 |a EMIGRACION  
650 |a INMIGRANTES  
773 |g número 45; páginas 8-9  
999 |c 32240  |d 32240